Statistics for US States With Nuclear Weapons

Click here to take the quiz!

General Stats

  • This quiz has been taken 71 times
  • The average score is 16 of 18

Answer Stats

TypeState% Correct
NavalCalifornia
97%
SiteTexas
97%
NavalFlorida
95%
NavalHawaii
93%
SiteMontana
93%
NavalWashington
93%
SiteNevada
91%
TrainingNew Mexico
91%
SiteNorth Carolina
91%
SiteColorado
90%
NavalGeorgia
90%
NavalVirginia
90%
SiteNorth Dakota
86%
SiteWyoming
86%
SiteNebraska
84%
NavalConnecticut
79%
SiteLouisiana
79%
SiteMissouri
78%

Score Distribution

Percentile by Number Answered

Percent of People with Each Score

Your Score History

You have not taken this quiz